Tam kraliçelik bir felaket / (Record no. 20682)

MARC details
000 -BAŞLIK
Sabit Uzunluktaki Kontrol Alanı 00617nam a22002057a 4500
003 - KONTROL NUMARASI KİMLİĞİ
Kontrol Alanı koha_MIRAKIL
005 - EN SON İŞLEM TARİHİ ve ZAMANI
Kontrol Alanı 20260107110553.0
008 - SABİT UZUNLUKTAKİ VERİ ÖGELERİ - GENEL BİLGİ
Sabit Alan 231213b |||||||| |||| 00| 0 ||| d
020 ## - ISBN - ULUSLARARASI STANDART KİTAP NUMARASI
Isbn 9786054119578
040 ## - KATALOGLAMA KAYNAĞI
Özgün Kataloglama Kurumu TR-IsEVY
Kataloglama Dili tur
Çeviri Kurumu TR-IsEVY
041 ## - DİL KODU
Metin ya da ses kaydının dil kodu tur
082 ## - DEWEY ONU SINIFLAMA SİSTEMİ
Sınıflama Numarası FIC BAR/T
100 ## - KİŞİ ADI
Yazar Adı (Kişi adı) Bartram, Simon
245 #0 - ESER ADI BİLDİRİMİ
Başlık Tam kraliçelik bir felaket /
Sorumluluk Bildirimi Simon Bartram.
260 ## - YAYIN, DAĞITIM, VB.
Yayınevi Redhouse Kidz Yayınları,
Yayın Tarihi 2014.
Yayın Yeri İstanbul :
300 ## - FİZİKSEL TANIMLAMA
Sayfa, Cilt vb. 79 s. :
Diğer fiziki detaylar renkli resimli ;
Boyutları 20 cm.
490 0# - DİZİ BİLDİRİMİ
Dizi Bildirimi Bob ile Barry'nin Ay Maceraları ; 2.
650 ## - KONU BAŞLIĞI EK GİRİŞ - KONU TERİMİ
Konusal terim veya coğrafi ad Çocuk Edebiyatı.
Alt başlık biçimi Çocuk Hikayeleri.
942 ## - EK GİRİŞ ÖGELERİ (KOHA)
Source of classification or shelving scheme Dewey Decimal Classification
Koha item type Kitap
Holdings
Kayıp Durumu Sınıflandırma Kaynağı Hasarlı Durumu Koleksiyon Kodu Kalıcı Konum Mevcut Konum Kayıt Tarih Edinim Kaynağı Yer Numarası Demirbaş Numarası Son Görülme Tarihi Fatura Tarihi Materyal Türü Toplam Ödünçverme Son Kontrol Tarihi Kopya Bilgisi
  Dewey Decimal Classification   İlkokul İLKOKUL KÜTÜPHANESİ İLKOKUL KÜTÜPHANESİ 10/10/2024 Satınalma FIC BAR/T 21763 10/10/2024 10/10/2024 Kitap      
  Dewey Decimal Classification   İlkokul İLKOKUL KÜTÜPHANESİ İLKOKUL KÜTÜPHANESİ 07/01/2026 Bağış FIC BAR/T 24778 27/02/2026 07/01/2026 Kitap 2 06/02/2026 k.2